00450nam a22001457a 4500008004100000040001800041041000800059100002900067245008600096260004500182300001800227500002100245600001700266650002100283130821s1928 fr gr fre  aCo-BoUCMbspa00afre aZweig, Stefand1881-194200aH"lderlincStefan Zweig ; traduit de L"allemand par Alzir Hella et Oliver Bournac aParís (Francia)bLibrairie Stockc1928 a176 páginas aIncluye índice aCastro Silva04aNovela austriaca